[Event "Helsingor Kronborg Master 1"]
[Site "Helsingor"]
[Date "2025.05.29"]
[Round "1"]
[White "Couso, Luis"]
[Black "Jalving, August"]
[Result "1-0"]
[WhiteElo "2240"]
[BlackElo "2273"]
[PlyCount "145"]
[EventDate "2025.05.29"]
[EventType "tourn"]
[EventRounds "7"]
[EventCountry "DEN"]
[EventCategory "2"]
[SourceTitle "CB23_2025"]
[SourceDate "2025.06.04"]
[SourceVersion "1"]
[SourceVersionDate "2025.06.04"]
[SourceQuality "1"]

1. c4 e5 2. g3 Nf6 3. Bg2 c6 4. d4 exd4 5. Qxd4 d5 6. Nf3 Be6 7. cxd5 cxd5 8. 0-0 Nc6 9. Qd1 Bc5 10. a3 a5 11. Nc3 0-0 12. Bg5 d4 13. Ne4 Be7 14. Bxf6 Bxf6 15. Rc1 Bd5 16. Ne1 Be7 17. Nd3 Re8 18. Nf4 Bxe4 19. Bxe4 Bg5 20. Bxc6 bxc6 21. Rc4 Bxf4 22. Rxd4 Qe7 23. Rxf4 Qxe2 24. Qb3 Qe6 25. Qc3 h6 26. h4 Qe5 27. Rc1 Qxc3 28. Rxc3 Re6 29. Rb3 Ra7 30. Rc4 Kf8 31. Rb6 Rc7 32. Rc5 a4 33. Rc4 c5 34. Rxe6 fxe6 35. Rxa4 Rb7 36. b4 c4 37. b5 c3 38. Rc4 Rxb5 39. Rxc3 Rb1+ 40. Kg2 Ra1 41. Kf3 Ke7 42. Kg4 Ra2 43. Rf3 g6 44. h5 g5 45. Kh3 e5 46. g4 e4 47. Re3 Rxf2 48. Rxe4+ Kf6 49. Kg3 Ra2 50. a4 Rb2 51. Kf3 Ra2 52. Ke3 Ra3+ 53. Kd2 Kf7 54. Kc2 Kf6 55. Kb2 Rd3 56. a5 Rd8 57. Kb3 Rb8+ 58. Rb4 Ra8 59. Ra4 Rb8+ 60. Kc4 Rc8+ 61. Kd5 Rc1 62. a6 Rc7 63. Kd6 Re7 64. Ra5 Re6+ 65. Kc7 Re7+ 66. Kd8 Ra7 67. Kc8 Ke6 68. Kb8 Rh7 69. Rc5 Kd6 70. Rc8 Ke5 71. a7 Rxa7 72. Kxa7 Kf4 73. Rc4+ 1-0

[Event "SWE-chT 2324 Elite"]
[Site "Sweden"]
[Date "2024.03.04"]
[Round "6.39"]
[White "Couso, Luis"]
[Black "Cederstam Barsk, Carl"]
[Result "1/2-1/2"]
[WhiteElo "2248"]
[BlackElo "2242"]
[PlyCount "180"]
[EventDate "2023.10.13"]
[EventType "team-tourn"]
[EventRounds "9"]
[EventCountry "SWE"]
[SourceTitle "EXT 2025"]
[Source "ChessBase"]
[SourceDate "2024.10.14"]
[SourceVersion "1"]
[SourceVersionDate "2024.10.14"]
[SourceQuality "1"]
[WhiteTeam "Kungstornet"]
[BlackTeam "Stockholm CC"]
[WhiteTeamCountry "SWE"]
[BlackTeamCountry "SWE"]

1. c4 e6 2. Nf3 d5 3. d4 Nf6 4. g3 Bb4+ 5. Bd2 Be7 6. Bg2 0-0 7. 0-0 a5 8. Qc2 a4 9. Bf4 c6 10. Bxb8 Rxb8 11. Qxa4 Qb6 12. Qc2 c5 13. e3 Bd7 14. Nbd2 Rfc8 15. b3 Qa6 16. a4 dxc4 17. bxc4 cxd4 18. exd4 Nd5 19. Rfc1 Ra8 20. Qb1 Nb4 21. Bf1 Qa7 22. c5 Nc6 23. Bb5 Rd8 24. Qe4 Bf6 25. Bd3 g6 26. Qf4 Bg7 27. Nc4 Nb4 28. Bf1 Nd5 29. Qh4 b6 30. Nd6 h6 31. c6 Be8 32. Nb5 Qa5 33. Ne5 Rdc8 34. Nd6 Rc7 35. Bb5 Qd2 36. Ndc4 Qb4 37. Rab1 Qf8 38. Qe4 Qe7 39. Ne3 Nf6 40. Qf3 Qa3 41. Qd1 Rb8 42. Nd7 Nxd7 43. cxd7 Rxd7 44. Bxd7 Bxd7 45. Nc4 Qxa4 46. Qxa4 Bxa4 47. Nxb6 Be8 48. d5 Bd4 49. Rc8 Rxc8 50. Nxc8 exd5 51. Ne7+ Kf8 52. Nxd5 Bc6 53. Rb8+ Kg7 54. Rd8 Ba7 55. h4 h5 56. Nf4 Bb5 57. Ra8 Bd4 58. Rb8 Ba6 59. Rd8 Bf6 60. Rd7 Bc8 61. Rc7 Bf5 62. Rc5 Bg4 63. Kg2 Bd4 64. Rd5 Bf6 65. f3 Bc8 66. Rc5 Bd7 67. Nh3 Be6 68. Ng5 Bb3 69. Rc7 Ba2 70. Ne4 Bd4 71. g4 hxg4 72. fxg4 Bd5 73. Kh3 Bb6 74. Re7 Bc4 75. Ng3 Be6 76. Rb7 Bf2 77. h5 Kh6 78. hxg6 Kxg6 79. Nh5 Be3 80. Kg3 Kg5 81. Rb5+ Kh6 82. Nf4 Ba2 83. g5+ Kg7 84. Kg4 Bxf4 85. Kxf4 Bc4 86. Rf5 Bd3 87. Rf6 Bc4 88. Ke5 Ba2 89. Kd6 Bb3 90. Ke7 Ba2 1/2-1/2

[Event "SWE-chT 2324 Elite"]
[Site "Sweden"]
[Date "2023.10.14"]
[Round "2.1"]
[White "Couso, Luis"]
[Black "Janse, Love"]
[Result "1/2-1/2"]
[WhiteElo "2248"]
[BlackElo "2221"]
[PlyCount "124"]
[EventDate "2023.10.13"]
[EventType "team-tourn"]
[EventRounds "9"]
[EventCountry "SWE"]
[SourceTitle "CBM 216 Extra"]
[Source "ChessBase"]
[SourceDate "2023.11.30"]
[SourceVersion "1"]
[SourceVersionDate "2023.11.30"]
[SourceQuality "1"]
[WhiteTeam "Kungstornet"]
[BlackTeam "Vasteras"]
[WhiteTeamCountry "SWE"]
[BlackTeamCountry "SWE"]

1. Nf3 f5 2. c4 Nf6 3. g3 g6 4. Bg2 Bg7 5. 0-0 d6 6. d4 0-0 7. Nc3 Qe8 8. Qb3 c6 9. Qa3 Na6 10. Rd1 h6 11. h4 Qf7 12. c5 dxc5 13. Ne5 Qe8 14. dxc5 Nh5 15. Nd3 e5 16. b4 Nc7 17. Rb1 f4 18. Ne4 Nb5 19. Qb2 Bf5 20. a4 Nd4 21. Nd6 Qe6 22. Nxf5 gxf5 23. e3 fxe3 24. Bxe3 f4 25. Bxd4 exd4 26. Re1 Qf5 27. Qb3+ Kh8 28. Kh2 Rae8 29. Rxe8 Rxe8 30. Re1 Rxe1 31. Nxe1 fxg3+ 32. fxg3 Be5 33. Qf3 Bxg3+ 34. Kg1 Qxf3 35. Nxf3 d3 36. b5 Be1 37. bxc6 bxc6 38. Ne5 Nf4 39. Bf3 Bb4 40. Nxc6 Bxc5+ 41. Kf1 Kg7 42. Ke1 Kf6 43. Kd2 Ke6 44. Nd8+ Ke7 45. Nc6+ Kd6 46. Be4 Bf2 47. Nb4 Bxh4 48. Nxd3 Nd5 49. Bf3 Bg5+ 50. Kc2 Nf6 51. Nb4 h5 52. Kd3 Kc5 53. Nc6 a6 54. Ke2 h4 55. Kf2 Nd7 56. Kg2 Nb6 57. Nb8 a5 58. Nc6 Nc4 59. Kh3 Kb6 60. Be2 Nb2 61. Bb5 Nd1 62. Ne5 Kc5 1/2-1/2

[Event "SWE-chT 1819 Superettan"]
[Site "Sweden"]
[Date "2019.03.31"]
[Round "9"]
[White "Couso, Luis"]
[Black "Akerman, Axel"]
[Result "0-1"]
[WhiteElo "2288"]
[BlackElo "2157"]
[PlyCount "64"]
[EventDate "2018.11.09"]
[EventType "team-tourn"]
[EventRounds "9"]
[EventCountry "SWE"]
[SourceTitle "EXT 2020"]
[Source "ChessBase"]
[SourceDate "2019.10.17"]
[SourceVersion "1"]
[SourceVersionDate "2019.10.17"]
[SourceQuality "1"]
[WhiteTeam "Kungstornet"]
[BlackTeam "Burgsvik Alva"]
[WhiteTeamCountry "SWE"]
[BlackTeamCountry "SWE"]

1. c4 e5 2. g3 Nc6 3. Nc3 Bb4 4. Bg2 Bxc3 5. bxc3 f5 6. Nf3 Nf6 7. 0-0 0-0 8. d3 d6 9. e4 fxe4 10. dxe4 Be6 11. Nd2 Qe8 12. Ba3 b6 13. Qe2 Na5 14. Rfb1 c5 15. Bf1 Qg6 16. Re1 h5 17. h4 Kf7 18. Nf3 Nh7 19. Nd2 Ke7 20. Kh2 Qf7 21. f3 g5 22. hxg5 Nxg5 23. Bg2 h4 24. Qe3 hxg3+ 25. Kxg3 Rg8 26. Kf2 Nxc4 27. Nxc4 Bxc4 28. Rh1 Ne6 29. Bh3 Nf4 30. Rag1 Rxg1 31. Kxg1 Rg8+ 32. Kf2 Be6 0-1

[Event "SWE-chT 1819 Superettan"]
[Site "Sweden"]
[Date "2019.03.29"]
[Round "7"]
[White "Couso, Luis"]
[Black "Petersson, Baldur Teodor"]
[Result "1/2-1/2"]
[WhiteElo "2288"]
[BlackElo "2152"]
[PlyCount "64"]
[EventDate "2018.11.09"]
[EventType "team-tourn"]
[EventRounds "9"]
[EventCountry "SWE"]
[SourceTitle "EXT 2020"]
[Source "ChessBase"]
[SourceDate "2019.10.17"]
[SourceVersion "1"]
[SourceVersionDate "2019.10.17"]
[SourceQuality "1"]
[WhiteTeam "Kungstornet"]
[BlackTeam "Vasteras II"]
[WhiteTeamCountry "SWE"]
[BlackTeamCountry "SWE"]

1. c4 Nf6 2. g3 g6 3. Bg2 Bg7 4. Nc3 0-0 5. e4 d6 6. Nge2 e5 7. 0-0 c6 8. d3 a6 9. h3 b5 10. Bg5 h6 11. Be3 b4 12. Nb1 c5 13. a3 Nc6 14. Nd2 Rb8 15. axb4 Rxb4 16. Ra2 Nd4 17. Nb1 Qb6 18. Nxd4 cxd4 19. Bc1 Nd7 20. Nd2 Nc5 21. Qe2 Bd7 22. f4 f6 23. h4 Qb8 24. f5 g5 25. Bf3 Kf7 26. Ra3 Ke7 27. Qh2 Rh8 28. Bd1 Rxb2 29. Bxb2 Qxb2 30. Ra5 Qb6 31. Ra3 Qb2 32. Ra5 Qb6 1/2-1/2

[Event "Rilton Cup 48th"]
[Site "Stockholm"]
[Date "2019.01.04"]
[Round "8"]
[White "D'Costa, Lorin AR"]
[Black "Couso, Luis"]
[Result "1-0"]
[WhiteElo "2390"]
[BlackElo "2285"]
[PlyCount "71"]
[EventDate "2018.12.27"]
[EventType "swiss"]
[EventRounds "9"]
[EventCountry "SWE"]
[SourceTitle "CBM 188 Extra"]
[Source "ChessBase"]
[SourceDate "2019.02.28"]
[SourceVersion "1"]
[SourceVersionDate "2019.02.28"]
[SourceQuality "1"]

1. c4 Nf6 2. g3 e6 3. Bg2 d5 4. Nf3 Be7 5. 0-0 0-0 6. b3 c5 7. cxd5 Nxd5 8. Bb2 Nc6 9. Nc3 Bf6 10. Qc2 b6 11. Nxd5 exd5 12. d4 Ba6 13. Rfd1 Re8 14. e3 Rc8 15. Qd2 c4 16. Ne5 Nxe5 17. dxe5 Bxe5 18. Bxe5 Rxe5 19. Bxd5 Qe8 20. Qd4 Re7 21. bxc4 Rec7 22. Rac1 h6 23. e4 Qa4 24. e5 Bb7 25. Qd2 Re8 26. f4 Ba6 27. Qd4 Bc8 28. c5 Qa3 29. c6 Bh3 30. Rc3 Qa5 31. Rc2 Kh8 32. Bf3 f6 33. exf6 Re1+ 34. Kf2 Rxd1 35. fxg7+ Rxg7 36. Bxd1 1-0

[Event "Rilton Cup 48th"]
[Site "Stockholm"]
[Date "2018.12.27"]
[Round "1"]
[White "Couso, Luis"]
[Black "Moroni, Luca Jr"]
[Result "0-1"]
[WhiteElo "2285"]
[BlackElo "2564"]
[PlyCount "106"]
[EventDate "2018.12.27"]
[EventType "swiss"]
[EventRounds "9"]
[EventCountry "SWE"]
[SourceTitle "CBM 188 Extra"]
[Source "ChessBase"]
[SourceDate "2019.02.28"]
[SourceVersion "1"]
[SourceVersionDate "2019.02.28"]
[SourceQuality "1"]

1. c4 e6 2. g3 d5 3. Bg2 Nf6 4. Nf3 dxc4 5. Na3 c6 6. Nxc4 Be7 7. 0-0 0-0 8. d4 b5 9. Nce5 Bb7 10. Bg5 Nbd7 11. Bxf6 Nxf6 12. Rc1 Qb6 13. Nd3 Rfd8 14. Qc2 Nd7 15. e3 Rac8 16. b4 a5 17. a3 Ra8 18. h4 axb4 19. axb4 Ra4 20. Rb1 Qa6 21. Ng5 Ra2 22. Rb2 Rxb2 23. Qxb2 Ra8 24. Rc1 Qa3 25. Qb1 h6 26. Ne4 Ra4 27. Rc3 Qa1 28. Rc1 Qxb1 29. Rxb1 Kf8 30. g4 Ke8 31. Kh2 Kd8 32. Kg3 Kc7 33. g5 Ra3 34. Bf1 Bc8 35. Rc1 Kb6 36. Ndc5 Nxc5 37. bxc5+ Kc7 38. Kf4 f5 39. Nd6 Bd7 40. Nf7 Be8 41. Ne5 Ra2 42. f3 Bd8 43. Bh3 Bh5 44. Rg1 hxg5+ 45. hxg5 g6 46. Rb1 Ra6 47. e4 Ra4 48. Rd1 Be7 49. Rd3 Ra1 50. Nf7 b4 51. d5 cxd5 52. exd5 exd5 53. Rxd5 b3 0-1

[Event "SWE-chT 1718 Elite"]
[Site "Sweden"]
[Date "2018.03.16"]
[Round "7.1"]
[White "Couso, Luis"]
[Black "Johansson, Thomas1"]
[Result "0-1"]
[WhiteElo "2276"]
[BlackElo "2221"]
[PlyCount "79"]
[EventDate "2017.10.20"]
[EventType "team-tourn"]
[EventRounds "9"]
[EventCountry "SWE"]
[SourceTitle "EXT 2019"]
[Source "ChessBase"]
[SourceDate "2018.10.10"]
[SourceVersion "1"]
[SourceVersionDate "2018.10.10"]
[SourceQuality "1"]
[WhiteTeam "Kungstornet"]
[BlackTeam "Malmo"]
[WhiteTeamCountry "SWE"]
[BlackTeamCountry "SWE"]

1. c4 Nf6 2. g3 d6 3. Bg2 Nbd7 4. Nc3 e5 5. e4 c6 6. Nge2 a6 7. d3 Be7 8. 0-0 b5 9. h3 h5 10. cxb5 axb5 11. d4 Qa5 12. Be3 b4 13. Nb1 c5 14. dxe5 dxe5 15. Nd2 Qb5 16. b3 Bb7 17. Re1 0-0 18. Qc2 Rfe8 19. Nc4 Bf8 20. a4 Qa6 21. Nc1 Rac8 22. f3 Nb8 23. Nd3 Nfd7 24. f4 exf4 25. Nxf4 h4 26. gxh4 Nc6 27. Nd5 Nd4 28. Qd1 Ne5 29. Nxe5 Rxe5 30. Bf4 Qe6 31. Re3 Bd6 32. Qd3 Re8 33. Rae1 Bb8 34. Kh1 Ba6 35. Qd1 Qg6 36. Nxb4 Be2 37. Qd2 Qh5 38. R3xe2 Nxe2 39. Qxe2 cxb4 40. Qxh5 0-1

[Event "SWE-chT 1718 Elite"]
[Site "Sweden"]
[Date "2018.02.24"]
[Round "6.8"]
[White "Svensson, Mans"]
[Black "Couso, Luis"]
[Result "0-1"]
[WhiteElo "2166"]
[BlackElo "2276"]
[PlyCount "104"]
[EventDate "2017.10.20"]
[EventType "team-tourn"]
[EventRounds "9"]
[EventCountry "SWE"]
[SourceTitle "EXT 2019"]
[Source "ChessBase"]
[SourceDate "2018.10.10"]
[SourceVersion "1"]
[SourceVersionDate "2018.10.10"]
[SourceQuality "1"]
[WhiteTeam "Upsala"]
[BlackTeam "Kungstornet"]
[WhiteTeamCountry "SWE"]
[BlackTeamCountry "SWE"]

1. d4 Nf6 2. c4 e6 3. Nc3 Bb4 4. Nf3 c5 5. g3 0-0 6. Bg2 cxd4 7. Nxd4 d5 8. cxd5 Nxd5 9. Bd2 Nxc3 10. bxc3 Bc5 11. 0-0 Nd7 12. Rb1 Nb6 13. Nb3 Bd6 14. Na5 Qc7 15. Qb3 Rb8 16. c4 Nd7 17. Rfc1 Nc5 18. Qe3 Bd7 19. Nb3 b6 20. Nd4 a6 21. Bc3 f6 22. Nc2 Bc6 23. Nb4 Bxg2 24. Kxg2 a5 25. Nd3 Qc6+ 26. f3 e5 27. Nf2 Rfd8 28. Bd2 Bf8 29. Qc3 Ne6 30. Be3 Bb4 31. Qb2 Bc5 32. Qc3 Bxe3 33. Qxe3 Rd4 34. Qb3 Nc5 35. Qb5 Qxb5 36. Rxb5 Rd2 37. Rcb1 Rbd8 38. Rxb6 Rxe2 39. Rb8 Rxb8 40. Rxb8+ Kf7 41. Kg1 Rxa2 42. Rb5 Ne6 43. c5 a4 44. Ra5 a3 45. Ra7+ Ke8 46. Ne4 Nd4 47. Nd6+ Kd8 48. Rxg7 Nxf3+ 49. Kf1 Nxh2+ 50. Ke1 Nf3+ 51. Kf1 Nd4 52. Rxh7 Rb2 0-1

[Event "Fagernes TV2 GM op"]
[Site "Fagernes"]
[Date "2017.04.16"]
[Round "9"]
[White "Couso, Luis"]
[Black "Al Tarbosh, Ward"]
[Result "1/2-1/2"]
[WhiteElo "2287"]
[BlackElo "2219"]
[PlyCount "118"]
[EventDate "2017.04.09"]
[EventType "swiss"]
[EventRounds "9"]
[EventCountry "NOR"]
[SourceTitle "CBM 177 Extra"]
[Source "ChessBase"]
[SourceDate "2017.04.27"]
[SourceVersion "1"]
[SourceVersionDate "2017.04.27"]
[SourceQuality "1"]

1. e4 e6 2. d4 d5 3. Nc3 Nf6 4. e5 Nfd7 5. f4 c5 6. Nf3 Nc6 7. Be3 a6 8. Qd2 b5 9. dxc5 Bxc5 10. Bxc5 Nxc5 11. Bd3 b4 12. Nd1 Qb6 13. Qf2 a5 14. 0-0 Ba6 15. Kh1 g6 16. Re1 Ne7 17. b3 Nf5 18. Bxf5 gxf5 19. a3 bxa3 20. Rxa3 Qb4 21. Ra2 a4 22. c3 Qb5 23. bxa4 Nxa4 24. Nd4 Qd7 25. Nxf5 exf5 26. e6 fxe6 27. Qd4 Kf7 28. Rxa4 Bb5 29. Rb4 Rhg8 30. Nf2 Rgc8 31. Qe3 Bc4 32. Nh3 h6 33. Qd4 Rab8 34. Rxb8 Rxb8 35. Ng1 Rb2 36. Nf3 Kg8 37. Ra1 Qg7 38. Ra8+ Kh7 39. Ra7 Rb1+ 40. Ng1 Rb7 41. Rxb7 Qxb7 42. h3 Qb1 43. Kh2 Qe4 44. Nf3 Kg8 45. Qd2 Bf1 46. Kg3 Qd3 47. Qxd3 Bxd3 48. Ne5 Be4 49. Kf2 Kf8 50. g3 Ke7 51. Ke3 h5 52. Kd4 Bg2 53. h4 Kd6 54. c4 dxc4 55. Nxc4+ Ke7 56. Ke5 Bd5 57. Nd6 Bb3 58. Nb5 Ba4 59. Nd4 Bd7 1/2-1/2

[Event "Fagernes TV2 GM op"]
[Site "Fagernes"]
[Date "2017.04.10"]
[Round "2"]
[White "Couso, Luis"]
[Black "Greenfeld, Alon"]
[Result "0-1"]
[WhiteElo "2287"]
[BlackElo "2550"]
[PlyCount "86"]
[EventDate "2017.04.09"]
[EventType "swiss"]
[EventRounds "9"]
[EventCountry "NOR"]
[SourceTitle "CBM 177 Extra"]
[Source "ChessBase"]
[SourceDate "2017.04.27"]
[SourceVersion "1"]
[SourceVersionDate "2017.04.27"]
[SourceQuality "1"]

1. c4 Nf6 2. g3 c5 3. Bg2 Nc6 4. Nc3 e6 5. Nf3 Be7 6. d4 d5 7. cxd5 Nxd5 8. 0-0 0-0 9. Rb1 h6 10. e4 Nb6 11. dxc5 Bxc5 12. Bf4 Qe7 13. e5 Rd8 14. Qe2 Nd5 15. Bd2 Nxc3 16. bxc3 Qc7 17. Rfd1 b6 18. h4 Bb7 19. Nh2 Ne7 20. Bxb7 Qxb7 21. Bf4 Ng6 22. Bxh6 gxh6 23. Ng4 Kg7 24. Nf6 Qc7 25. Re1 Qxe5 26. Qxe5 Nxe5 27. Nh5+ Kf8 28. Rxe5 Rd2 29. Rf1 Rad8 30. a4 Ra2 31. Re4 Rd3 32. Kg2 Rxc3 33. Nf6 Rd3 34. Rg4 Rd4 35. Rg8+ Ke7 36. Ng4 h5 37. Ne3 Rdd2 38. Kf3 Rxa4 39. Rg5 Bxe3 40. Kxe3 Rd5 41. Rxd5 exd5 42. f3 a5 43. Rd1 Ke8 0-1

[Event "SWE Cup"]
[Site "Sweden"]
[Date "2017.01.14"]
[Round "4.5"]
[White "Couso, Luis"]
[Black "Bengts, Torleif"]
[Result "1-0"]
[WhiteElo "2287"]
[BlackElo "2097"]
[PlyCount "75"]
[EventDate "2017.01.14"]
[EventType "team-tourn"]
[EventRounds "9"]
[EventCountry "SWE"]
[SourceTitle "EXT 2018"]
[Source "ChessBase"]
[SourceDate "2017.10.13"]
[SourceVersion "1"]
[SourceVersionDate "2017.10.13"]
[SourceQuality "1"]
[WhiteTeam "Stockholm CC"]
[BlackTeam "Horndal"]
[WhiteTeamCountry "SWE"]
[BlackTeamCountry "SWE"]

1. c4 e5 2. g3 c5 3. Nc3 Nf6 4. Bg2 Be7 5. Nf3 Nc6 6. 0-0 0-0 7. Ne1 d6 8. Nc2 Be6 9. Ne3 Qd7 10. Re1 Rab8 11. Ned5 Bd8 12. d3 a6 13. a4 h6 14. Rb1 Ne8 15. Bd2 Ba5 16. e3 Nc7 17. Nxc7 Bxc7 18. Nd5 b5 19. axb5 axb5 20. b3 bxc4 21. bxc4 Rxb1 22. Qxb1 Rb8 23. Qa1 Bxd5 24. Bxd5 Nb4 25. Bxb4 Rxb4 26. Qa7 Qc8 27. Ra1 Qb8 28. Kg2 Kf8 29. Qa2 Rb2 30. Qa4 Ke7 31. Qd1 Qe8 32. Ra7 Kd8 33. Qh5 Qe7 34. Qf5 f6 35. Bb7 Qd7 36. Ra8+ Ke7 37. Qg6 Bd8 38. Bd5 1-0

[Event "SWE-chT2 1213"]
[Site "Sweden"]
[Date "2013.01.13"]
[Round "5"]
[White "Couso, Luis"]
[Black "Hjelm, Niclas"]
[Result "1-0"]
[WhiteElo "2261"]
[BlackElo "2317"]
[PlyCount "69"]
[EventDate "2012.10.20"]
[EventType "team-tourn"]
[EventRounds "9"]
[EventCountry "SWE"]
[SourceTitle "EXT 2015"]
[Source "ChessBase"]
[SourceDate "2014.11.20"]
[SourceVersion "1"]
[SourceVersionDate "2014.11.20"]
[SourceQuality "1"]
[WhiteTeam "Stockholm SS"]
[BlackTeam "Farsta"]
[WhiteTeamCountry "SWE"]
[BlackTeamCountry "SWE"]

1. d4 d5 2. Nf3 Nf6 3. c4 c6 4. e3 Bf5 5. Nc3 e6 6. Nh4 Bg6 7. Qb3 Qc7 8. g3 Nbd7 9. Nxg6 hxg6 10. Bd2 Be7 11. Rc1 Nb6 12. c5 Nbd7 13. f4 Nh5 14. Bg2 f5 15. Qc2 Nhf6 16. b4 g5 17. a4 gxf4 18. exf4 Kf7 19. 0-0 Rh6 20. h3 Rah8 21. Ne2 R6h7 22. Rb1 Qc8 23. Rb3 Ne4 24. g4 Nxd2 25. Qxd2 Nf6 26. g5 Ne4 27. Qe3 Rd8 28. Nc1 g6 29. Nd3 Kg7 30. b5 Rhh8 31. Rfb1 Rd7 32. Ne5 Rc7 33. bxc6 bxc6 34. Bf1 Rd8 35. a5 1-0